000 00628nam a2200193zi 4500
003 OSt
005 20260530113913.0
008 260506b2006 spa||||| |||| 00| 0 spa d
040 _aICI
_bspa
_cICI
_erda
041 _aspa
050 0 0 _aNK1414.A1
_b H34 1987
100 1 _aHagerman, Oscafr,
_eartista
_933703
245 1 0 _aOscar Hagerman /
_ctraducción Florencio Ruiz Maté
300 _a[63] páginas :
_bilustraciones, fotos
650 _aDiseño de muebles
_vCatálogos
_ySiglo XX
_933704
650 _aArquitectura
_v Catálogos
_ySiglo XX
_933705
700 1 _aRuiz Maté, Florencio,
_e traductor
_933706
942 _2lcc
_cBK
_n1
999 _c12197
_d12197